Porovnanie úrovne CSR vo vybraných krajinách Európy

Porovnanie úrovne CSR v troch západných krajinách EÚ: v Nemecku, Veľkej Británii a Francúzsku. Porovnanie úrovne CSR v krajinách V4. Porovnanie CSR a jeho hlavných trendov vo vybraných západných krajinách Európy a v krajinách V4.

Gespeichert in:
Bibliographische Detailangaben
1. Verfasser: Liptáková, Elena
Format: Buchkapitel
Sprache:Slowakisch
Schlagworte:
Tags: Tag hinzufügen
Keine Tags, Fügen Sie das erste Tag hinzu!

MARC

LEADER 00000naa a2200000 4500
001 0147338
005 20240502072649.1
041 0 |a slo 
044 |a SK 
245 1 0 |a Porovnanie úrovne CSR vo vybraných krajinách Európy  |c Elena Liptáková 
520 |a Porovnanie úrovne CSR v troch západných krajinách EÚ: v Nemecku, Veľkej Británii a Francúzsku. Porovnanie úrovne CSR v krajinách V4. Porovnanie CSR a jeho hlavných trendov vo vybraných západných krajinách Európy a v krajinách V4. 
610 2 0 |a podnikanie zodpovedné 
610 2 0 |a zodpovednosť spoločenská 
610 2 0 |a riadenie podnikové 
610 2 0 |a etika 
610 2 0 |a práva ľudské 
610 2 0 |a ochrana prostredia životného 
610 2 0 |a zmeny klimatické 
610 2 0 |a reťazce dodávateľsko-odberateľské 
610 2 0 |a konkurencieschopnosť 
610 2 0 |a Európa 
610 2 0 |a Vyšehradská štvorka 
100 1 |a Liptáková, Elena